000 004690000a22001570004500
090 _aAR
_b02849
245 1 0 _aConservation corridors and contagious disease: a cautionary note
650 1 4 _aCorredores ecológicos
_975249
650 1 4 _aModelación ecológica
_93621
650 1 4 _aMovilidad
_993720
650 1 4 _aMortalidad
_99773
041 0 _aInglés
100 1 _aHess, George R.
_996295
942 _cARTICULO
773 1 _tConservation Biology
_324
_h1
_q256-262
_d1994
_g8
999 _c11909
_d11909